000 00812nam a2200265 a 4500
999 _c331737
_d331737
001 2348900
003 NUST
005 20171020111850.0
008 850515s1982 pk b 001 0 eng
010 _a 82930911
020 _cRs175.00
040 _aDLC
_cDLC
_dDLC
043 _aa-ii---
_aa-pk---
050 0 0 _aDS480.45
_b.K25 1982
082 0 0 _a954.90359
_bKAD
100 1 _aKadri, Syed Shameem Hussain.
_95562
245 1 0 _aCreation of Pakistan /
_cSyed Shameem Hussain Kadri.
250 _a1st ed.
260 _aLahore :
_bWajidalis,
_c1982.
300 _axvi, 521, [11] p. ;
_c23 cm.
500 _aIncludes index.
504 _aBibliography: p. [10]-[11] (last group)
650 0 _aPakistan movement.
_9203
906 _a7
_bcbc
_corignew
_d3
_encip
_f19
_gy-gencatlg
942 _2ddc
_cBK